[Event "Sao Paulo Salles Cup 12th"]
[Site "Sao Paulo"]
[Date "2018.04.20"]
[Round "2"]
[White "Vianna, Alessandro Ayres"]
[Black "Mangini, Bruno Fernandes"]
[Result "0-1"]
[WhiteElo "1593"]
[BlackElo "1793"]
[PlyCount "110"]
[EventDate "2018.04.20"]
[EventType "swiss"]
[EventRounds "6"]
[EventCountry "BRA"]
[SourceTitle "CBM 184 Extra"]
[Source "ChessBase"]
[SourceDate "2018.06.28"]
[SourceVersion "1"]
[SourceVersionDate "2018.06.28"]
[SourceQuality "1"]

1. d4 Nf6 2. Bg5 e6 3. e4 Be7 4. Bd3 d5 5. Nd2 dxe4 6. Nxe4 Nbd7 7. Nf3 c6 8. 0-0 0-0 9. Qe2 b6 10. Nxf6+ Nxf6 11. Bxf6 Bxf6 12. Qe4 g6 13. Qxc6 Rb8 14. c3 Bb7 15. Qa4 Bxf3 16. gxf3 Qd5 17. Be2 Qg5+ 18. Kh1 Qd2 19. Qb5 Be7 20. Rad1 Qh6 21. Rg1 Rfd8 22. Qd3 Rd5 23. Qe3 Bg5 24. Qe4 Bf4 25. Rg2 Rh5 26. Qxf4 Qxf4 27. Rdg1 Qd2 28. Bd1 Qf4 29. Bb3 Kg7 30. Rg3 Qd2 31. R3g2 Qxb2 32. f4 Qxc3 33. Bd1 Rf5 34. h4 Rxf4 35. h5 Rh4+ 36. Rh2 Rxh2+ 37. Kxh2 Qxd4 38. hxg6 hxg6 39. Kg2 Qd5+ 40. Bf3 Qg5+ 41. Kf1 Qd2 42. Kg2 Rh8 43. Rd1 Rh2+ 44. Kxh2 Qxf2+ 45. Bg2 Qxa2 46. Rf1 Qe2 47. Kg3 a5 48. Rf2 Qe5+ 49. Kf3 a4 50. Re2 Qf5+ 51. Ke3 Qe5+ 52. Kd3 Qxe2+ 53. Kxe2 a3 54. Be4 a2 55. Ke3 a1Q 0-1

[Event "Aldeia de Barueri op"]
[Site "Aldeia de Barueri"]
[Date "2017.08.06"]
[Round "6"]
[White "Vianna, Alessandro Ayres"]
[Black "Dos Santos Junior, Gabriel Ribeiro"]
[Result "0-1"]
[WhiteElo "1487"]
[BlackElo "1761"]
[PlyCount "148"]
[EventDate "2017.08.04"]
[EventType "swiss"]
[EventRounds "6"]
[EventCountry "BRA"]
[SourceTitle "CBM 180 Extra"]
[Source "ChessBase"]
[SourceDate "2017.10.06"]
[SourceVersion "1"]
[SourceVersionDate "2017.10.06"]
[SourceQuality "1"]

1. d4 d5 2. c4 e6 3. Nc3 Nf6 4. cxd5 exd5 5. Bg5 Bf5 6. Qb3 Nc6 7. e3 Nb4 8. Rc1 c6 9. a3 Nd3+ 10. Bxd3 Bxd3 11. Qxb7 Qc8 12. Qxc8+ Rxc8 13. Bxf6 gxf6 14. Nge2 a5 15. 0-0 Rb8 16. Rfd1 Bxe2 17. Nxe2 Rxb2 18. Nf4 Kd7 19. Rc3 Be7 20. Rdc1 Rb6 21. Nd3 Rhb8 22. h3 Bd6 23. Nc5+ Ke7 24. g3 Rb1 25. Kg2 Rxc1 26. Rxc1 Rb5 27. Kf3 h5 28. Rc3 Bxc5 29. Rxc5 Kd6 30. Rc2 a4 31. h4 Rb1 32. Kf4 Ra1 33. Rc3 Ra2 34. f3 Rg2 35. g4 hxg4 36. fxg4 Rf2+ 37. Kg3 Rf1 38. Kg2 Rb1 39. Kf2 Rb2+ 40. Kf3 Rh2 41. h5 f5 42. Kf4 fxg4 43. Kxg4 f6 44. Rc5 Rg2+ 45. Kf4 Rh2 46. Ra5 Rxh5 47. Rxa4 Rh1 48. Rb4 Rf1+ 49. Kg3 Ra1 50. Rb3 Ke6 51. Rc3 Kf5 52. Kf3 Ra2 53. Rb3 Ra1 54. Ke2 Ke4 55. Kd2 f5 56. Kc3 Re1 57. Kd2 Ra1 58. Rc3 Ra2+ 59. Kc1 Re2 60. Rxc6 Rxe3 61. Re6+ Kxd4 62. Rxe3 Kxe3 63. Kd1 f4 64. a4 f3 65. Ke1 f2+ 66. Kf1 d4 67. a5 d3 68. a6 d2 69. a7 d1Q+ 70. Kg2 Qa4 71. Kf1 Qxa7 72. Kg2 Qg7+ 73. Kh2 Kf3 74. Kh3 Qg3# 0-1

[Event "Sao Paulo Karman Cup 9th"]
[Site "Sao Paulo"]
[Date "2016.08.05"]
[Round "2"]
[White "Ferreira, Renato Luis Bueloni"]
[Black "Vianna, Alessandro Ayres"]
[Result "0-1"]
[WhiteElo "1390"]
[BlackElo "1522"]
[PlyCount "76"]
[EventDate "2016.08.05"]
[EventType "swiss"]
[EventRounds "6"]
[EventCountry "BRA"]
[SourceTitle "CBM 174 Extra"]
[Source "ChessBase"]
[SourceDate "2016.10.10"]
[SourceVersion "1"]
[SourceVersionDate "2016.10.10"]
[SourceQuality "1"]

1. e4 c6 2. d4 d5 3. e5 Bf5 4. Nf3 e6 5. Bd3 Ne7 6. 0-0 Nd7 7. b3 Bxd3 8. Qxd3 Nf5 9. c4 Be7 10. c5 0-0 11. Nc3 b6 12. b4 a5 13. bxa5 bxc5 14. Ne2 c4 15. Qc3 Rxa5 16. Ng3 Nxg3 17. fxg3 c5 18. Be3 cxd4 19. Nxd4 Ra3 20. Qe1 Nxe5 21. Nc2 Nd3 22. Qd2 Ra4 23. Qe2 Qc7 24. Qg4 Bc5 25. Nd4 Qe5 26. Qf3 Bxd4 27. Bxd4 Qxd4+ 28. Kh1 f6 29. Qe2 e5 30. Rab1 Rfa8 31. h4 Rxa2 32. Qf3 Ra1 33. Qf5 Rxb1 34. Qe6+ Kh8 35. Rxb1 c3 36. Ra1 Rxa1+ 37. Kh2 Qg1+ 38. Kh3 Nf2# 0-1